Chronicle of a death foretold : (Record no. 3440)
[ view plain ]
| 000 -LEADER | |
|---|---|
| fixed length control field | 00855nam a2200265 a 4500 |
| 001 - CONTROL NUMBER | |
| control field | 3800829 |
| 003 - CONTROL NUMBER IDENTIFIER | |
| control field | OSt |
| 005 - DATE AND TIME OF LATEST TRANSACTION | |
| control field | 20140310181756.0 |
| 008 - FIXED-LENGTH DATA ELEMENTS--GENERAL INFORMATION | |
| fixed length control field | 841129s1982 enk 000 1 eng |
| 010 ## - LIBRARY OF CONGRESS CONTROL NUMBER | |
| LC control number | 84244300 |
| 020 ## - INTERNATIONAL STANDARD BOOK NUMBER | |
| International Standard Book Number | 140003471X |
| 040 ## - CATALOGING SOURCE | |
| Original cataloging agency | DLC |
| Transcribing agency | DLC |
| Modifying agency | DLC |
| 041 1# - LANGUAGE CODE | |
| Language code of text/sound track or separate title | engspa |
| 050 00 - LIBRARY OF CONGRESS CALL NUMBER | |
| Classification number | PQ 8180 |
| Item number | .M357 1982 |
| 082 00 - DEWEY DECIMAL CLASSIFICATION NUMBER | |
| Classification number | IB 863 |
| Item number | M34 1982 |
| 100 2# - MAIN ENTRY--PERSONAL NAME | |
| Personal name | García Márquez, Gabriel, |
| Dates associated with a name | 1928- |
| 9 (RLIN) | 19752 |
| 240 10 - UNIFORM TITLE | |
| Uniform title | <a href="Crónica de una muerte anunciada.">Crónica de una muerte anunciada.</a> |
| Language of a work | English |
| 245 10 - TITLE STATEMENT | |
| Title | Chronicle of a death foretold : |
| Statement of responsibility, etc | Gabriel García Márquez ; translated from the Spanish by Gregory Rabassa. |
| Remainder of title | a novel |
| 260 ## - PUBLICATION, DISTRIBUTION, ETC. (IMPRINT) | |
| Place of publication, distribution, etc | New York : |
| Name of publisher, distributor, etc | Vintage Books, |
| Date of publication, distribution, etc | c1982. |
| 300 ## - PHYSICAL DESCRIPTION | |
| Extent | 120 p. |
| Dimensions | 20 cm. |
| 500 ## - GENERAL NOTE | |
| General note | Translation of: Crónica de una muerte anunciada. |
| 906 ## - LOCAL DATA ELEMENT F, LDF (RLIN) | |
| a | 7 |
| b | cbc |
| c | orignew |
| d | 3 |
| e | ncip |
| f | 19 |
| g | y-gencatlg |
| 942 ## - ADDED ENTRY ELEMENTS (KOHA) | |
| Source of classification or shelving scheme | Library of Congress Classification |
| Koha item type | |
| Withdrawn status | Lost status | Source of classification or shelving scheme | Damaged status | Home library | Current library | Shelving location | Date acquired | Source of acquisition | Total Checkouts | Full call number | Barcode | Date last seen | Date checked out | Copy number | Price effective from | Koha item type | Sub Shelving location |
|---|---|---|---|---|---|---|---|---|---|---|---|---|---|---|---|---|---|
| Library of Congress Classification | Luxembourg Library | Luxembourg Library | Classic Section | 06/29/2013 | Donation | 1 | PQ 8180.17 .M357 1982 | 14511 | 08/17/2013 | 07/04/2013 | 1 | 10/03/2013 | Books | ||||
| Library of Congress Classification | Luxembourg Library | Luxembourg Library | International Baccalaureate Section | 08/27/2013 | PQ 8180.17 .M357 1982 | 14510 | 08/27/2013 | 2 | 08/27/2013 | Books | |||||||
| Library of Congress Classification | Luxembourg Library | Luxembourg Library | Classic Section | 10/16/2018 | Donation | 1 | PQ 8180 .M357 1982 | 20611 | 02/28/2020 | 02/28/2020 | 10/16/2018 | Books |